00597nam a2200157 a 450000100100000000500170001000800410002704000250006808200150009310000280010824500340013626000500017030000210022095201810024199900170042200003345220200930070252.0110829s1912 dr 000 0 spa d aDO-SdBNPbspacBNPHU axxxbB533p1 aBerroa, Quiterio95899410aPétalos /cQuiterio Berroa. aSanto Domingo :bLa cuna de América,c1912. a223 p. ;c20 cm. 001050718RVaPDbPDcCTd2011-08-29iLF1l0oxxx B533pp33452-10r2020-06-25w2020-06-25y1zPerteneció a la biblioteca personal de F. Henríquez y CarvajalZNo se presta c32943d32943